La Virgen Nuestra Señora /

Este libro por medio de la vida de la Virgen María trata de enseñar la doctrina de la iglesia católica.

সংরক্ষণ করুন:
গ্রন্থ-পঞ্জীর বিবরন
প্রধান লেখক: Suárez, Federico (autor)
বিন্যাস: গ্রন্থ
ভাষা:স্প্যানিশ
সংস্করন:3a edición
মালা:(Libros de Espiritualidad ; 60)
বিষয়গুলি:
ট্যাগগুলো: ট্যাগ যুক্ত করুন
কোনো ট্যাগ নেই, প্রথমজন হিসাবে ট্যাগ করুন!

MARC

LEADER 00000nam^a2200000^a^4500
001 000111719
005 20250521000000.0
009 20260310093841.112
037 |a Acervo ITESO - Biblioteca 
041 |a ESP 
082 |a 232. 91  |b SUA 
100 |a Suárez, Federico  |e (autor) 
245 1 3 |a La Virgen Nuestra Señora /  |c F. Suárez. 
250 |a 3a edición 
264 |a España :  |b Patmos,  |c fecha no identificada 
300 |a 368 p. 
336 |a texto  |b txt  |2 rdacontenido 
337 |a sin mediación  |b n  |2 rdamedio 
338 |a volumen  |b nc  |2 rdasoporte 
440 1 |a (Libros de Espiritualidad ;  |v 60) 
520 |a Este libro por medio de la vida de la Virgen María trata de enseñar la doctrina de la iglesia católica. 
649 |a XX 
650 |a Virgen María -  |x Biografías 
650 |a Catolicismo -  |x Historia 
650 |a Cristianismo -  |x Historia 
650 |a Religión -  |x Historia 
650 |a Historia Antigua 
910 |a Fondo Salvador Reynoso Reynoso 
920 |a Impresos - Libros 
930 |a Fondos Especiales 
905 |a 112 
901 |a 0800003616  |b IT2  |c ESP  |u 20250521 
902 |a https://opac.biblio.iteso.mx/vufind/Record/000111719